zpět

Detail výsledku týmu

Jakoby Kavárna, Ostrov

Datum a čas kvízu

32.5 Celkem bodů Celkový počet nahraných bodů na tomto kvízu bez doplňovacích otázek.
2. Pořadí na kvízu Konečné umístění týmu na tomto kvízu.

Zaznamenané odpovědi

# Otázka Odpověď Body Výsledky
1. Nové politické hnutí bývalého... Martin Kuba; Jihočeský 0.5
2. Jeden americký stát zasáhla vl... Florida 1
3. Jak se jmenuje festival zaměře... D) P*fest 1
4. Do aukční historie se nově zap... Rembrandt (Harmenszoon van Rijn) 1
5. V pátek byly zahájeny zimní ol... David Pastrňák; Lucie Charvátová 0.5
6. 17. února 1600 byl na Campo de... Giordano Bruno 1
7. 1. ledna 1700 jeden ruský car... Petr I. Veliký 1
8. Za kulatý letopočet budeme dne... Brouček 1
9. 19. března 1900 se v Paříži na... Frédéric Joliot-Curie 0
10. Od 15. září do 1. října 2000 s... Jan Železný; Sydney 0